000 00477nam a2200181Ia 4500
008 131103s9999 xx 000 0 und d
040 _aLoreto College
041 _aEnglish
082 _aF/GRE
_bLCBED/5730
245 _aGreat short stories of the world
260 _aLondon
_bSpring books
_c1968
300 _a1078p.
_c 22cm.
504 _aIncludes index
650 _aEnglish Literature
651 _aEnglish story - collection
850 _aLCBED/F/GRE
942 _cBK
999 _c32733
_d83212